000 00700nam a2200253Ia 4500
003 OSt
005 20220925203653.0
006 a|||||r|||| 00| 0
007 ta
008 220923b |||||||| |||| 00| 0 eng d
020 _a0134844777
037 _cGeneral Book
040 _aRTL
_cRTL
_beng
041 _2eng
_aeng
082 _aR6, L6
100 _aHerman A L
_976999
245 0 _aIntroduction to Indian thought
260 _aEnglewood
_bCliffs N J Prentice Hall
_c1976
300 _axv, 301p
_ccm.
500 _aBibliography: P 286-88,; Appendix: P 280-85
650 _aIndia Philosophy
_9230829
942 _hR6, L6
_cGB
_2CC
999 _c547350
_d547350